000
00317cam a2200133ua 4500
003
OSt
008
241028b |||||||| |||| 00| 0 eng d
041
_a
eng
082
_a
028.75371
_b
PAR/CI
245
_a
Civil engineering
260
_a
Thrissur :
_b
Govt.Engineering college ,
_c
1996.
300
_a
96 ; .
942
_c
BK
999
_c
8913
_d
8913